000 00514nam a2200181Ia 4500
005 20250508160053.0
008 008 250505s9999 xx 000 0 eng d
037 _aTextual
040 _aFEDL
_beng
_cFEDL
041 _aeng
_2eng
084 _a378.3, CRA
_qFEDL
100 _aCraig W Bradford
_9767900
245 0 _aHow to finance a college education
260 _aNew York, USA
_bHenry Holt and Company
_c1959
300 _axiii,79p.
942 _cTEXL
_h378.3, CRA
999 _c1361500
_d1361500